El pensamiento de Paulo Freire y la intervención social: una relación anacrónica?/
Shranjeno v:
| Glavni avtor: | |
|---|---|
| Format: | Knjiga |
| Jezik: | Spanish |
| Oznake: |
Označite
Brez oznak, prvi označite!
|
MARC
| LEADER | 00000nam a22000007a 4500 | ||
|---|---|---|---|
| 003 | cru CIDCACS/IIS | ||
| 005 | 20180125150856.0 | ||
| 007 | ta | ||
| 008 | 180125s2009 pn |||p|r||||||0| ||spa|d | ||
| 999 | |c 40898 |d 40898 | ||
| 040 | |c cru CIDCACS/IIS | ||
| 100 | 1 | |9 6501 |a Bonnefoy L., Mónica | |
| 245 | 1 | 3 | |a El pensamiento de Paulo Freire y la intervención social: |b una relación anacrónica?/ |c Mónica Bonnefoy L. |
| 300 | |a páginas 83-94 | ||
| 773 | 0 | |0 40892 |9 1759 |a Consejo de Educación de Adultos de América Latina |d Panamá : CEAAL |o 18225 |t La Piragua: |x 20730810 | |
| 942 | |2 ddc |c PP | ||
